| 000 -LEADER |
| fixed length control field |
00618nam a22001937a 4500 |
| 005 - DATE AND TIME OF LATEST TRANSACTION |
| control field |
20240808213911.0 |
| 008 - FIXED-LENGTH DATA ELEMENTS--GENERAL INFORMATION |
| fixed length control field |
240305b ||||| |||| 00| 0 eng d |
| 040 ## - CATALOGING SOURCE |
| Original cataloging agency |
SSBUL |
| Transcribing agency |
SSBUL |
| 082 ## - DEWEY DECIMAL CLASSIFICATION NUMBER |
| Edition number |
23 |
| Classification number |
294.38241 |
| Item number |
In 21505 S-SAT |
| 130 ## - MAIN ENTRY--UNIFORM TITLE |
| Uniform title |
Dhammasangani . |
| 9 (RLIN) |
37533 |
| 245 00 - TITLE STATEMENT |
| Title |
Introduction to Dhammasangani. |
| 260 ## - PUBLICATION, DISTRIBUTION, ETC. |
| Place of publication, distribution, etc. |
Yangon : |
| Name of publisher, distributor, etc. |
Department for the Promotion and propagation of the Sasana, |
| Date of publication, distribution, etc. |
1996. |
| 300 ## - PHYSICAL DESCRIPTION |
| Extent |
44 pages ; |
| Dimensions |
17 cm. |
| 500 ## - GENERAL NOTE |
| General note |
S-SAT: Prof. Sai Aung Tun |
|
| General note |
S-KZN: Prof. Kyaw Zaw Naing |
| 650 ## - SUBJECT ADDED ENTRY--TOPICAL TERM |
| Topical term or geographic name entry element |
Abhidhamma Pititka |
| 9 (RLIN) |
37534 |
|
| Topical term or geographic name entry element |
Dhammasangani |
| 9 (RLIN) |
37535 |
| 942 ## - ADDED ENTRY ELEMENTS (KOHA) |
| Source of classification or shelving scheme |
|
| Koha item type |
Book (Short term) |